1882 1982 1330 1152 1827 1914 1054 1600 1657 1018 1257 1768 1945 1178 1178 1483 1478 1233 1591 1962 1716 1020 1551 1515 1589 1333 1220 1303 1062 1739 1706 1301 1686 1993 1921 1693 1829 1406 1334 1587 1454 1770 1019 1840 1554 1323 1800 1444 1159 1762 1390 1717 1169 1598 1042 1427 1103 1171 1269 1205 1590 1083 1153 1876 1964 1393 1092 1572 1231 1765 1355 1772 1388 1582 1956 1480 1314 1935 1089 1781 1448 1406 1282 1802 1148 1789 1758 1962 1504 1803 1330 1004 1845 1112 1750 1988 1065 1738 1372 BCNSPRNW ULIB Ver.6.0+V

เปลี่ยนเป็นภาษาไทย

Change to English
 แสดงรายละเอียดบรรณานุกรม
  กลับหน้าหลัก

Brief Record : Get Marc (ISO 2709) : E-mail record : QR code < ปิดหน้าต่าง
LEADER : 00000nam 2200000uu 4500
001    13399123166
003     ULIB
008    020711s2552 th a 000 0 tha d
020    9789748217956
090    นว.^bฬ111ร ล.2
100    ฬีฬา
110    ยาหยี-ยาใจ
245    รหัสรักในดวงใจ 2/^cฬีฬา
250    พิมพ์ครั้งที่ 2
260    กรุงเทพฯ :^bยาหยี-ยาใจ,^c2552
300    284 หน้า;^b21 ซม.
945    ^p200^l0^i034423
999    ^aเกษร โพธิ์สุวรรณ
รายการนี้ยังไม่มีแท็ก
คุณยังไม่ได้ล็อกอิน คุณสามารถมีกิจกรรมร่วมกับเว็บไซต์ได้ แต่ต้องล็อกอินก่อน ::
  ล็อกอิน

รายการสื่อสารสนเทศ

ลำดับที่ ประเภท เลขเรียก/บาร์โค้ด สถานที่ สถานะ
1. นวนิยาย
นวนิยาย
นว. ฬ111ร ล.2 ฉ.1 
  Barcode: 034423
ห้องสมุดวิทยาเขตสวรรค์ประชารักษ์
►นวนิยาย
บนชั้น
  ขอยืม

รายการใกล้เคียง
    ผู้แต่ง [ฬีฬา]

BibComment


ยังไม่เคยถูกคอมเมนท์

คอมเมนท์ทรัพยากรรายการนี้
  คอมเมนท์: รหัสรักในดวงใจ 2 ..


 Copyright 2026. Bcnsprnw @Library